000 00920nam a22003017a 4500
001 BR2017000969
003 BR-BrBNA
005 20230928105100.0
007 ta
008 230509b bl.||||| |||| 00| 0 por d
040 _aBR-BrBNA
_bpor
_cBiblioteca Nacional de Agricultura
041 _a(Por)
072 _aH20
_b4150
_b0210
090 _ 4150 BR2017000969
100 1 _aAlves, M.C.
110 1 _aUniversidade Federal de Lavras, MG (Brasil)
_0Tese (Mestrado)
245 1 _aIdentificação de infecções simples e mistas de estirpes de Potato virus Y (PVY)em campos produtores de batata
260 3 _aLavras, MG (Brasil):
_c2015.
300 _a87 p.
500 _aSummaries (Eng, Por); Bibliography p. 75-87; 5 illus.
650 _aBATATA
650 _aSOLANUM TUBEROSUM
650 _aVÍRUS
650 _aSINTOMA
650 _aPATOGENICIDADE
909 _a202309
_bLucia
_c55
_dLucia Elande
942 _cBK
999 _c83317
_d83317